000 01142cam a2200325 a 4500
001 16250837
003 OSt
005 20170522123519.0
008 100525s2011 maua f 000 0 eng
010 _a 2010929465
020 _a9780312601539 (alk. paper)
020 _a9780312601591 (pbk.)
040 _aDLC
_cDLC
_dDLC
042 _apcc
050 0 0 _aPE1408
_b.K49 2011
082 0 0 _a808/.0427
_223
245 0 4 _aThe Bedford guide for college writers with reader, research manual, and handbook /
_c[edited by] X. J. Kennedy, Dorothy M. Kennedy, Marcia F. Muth.
250 _a9th ed.
260 _aBoston, MA :
_bBedford/St. Martins,
_c2011.
300 _alviii, 903, 71, 17 p. :
_bill. (some col.) ;
_c25 cm.
650 0 _aEnglish language
_xRhetoric
_vHandbooks, manuals, etc.
650 0 _aEnglish language
_xGrammar
_vHandbooks, manuals, etc.
650 0 _aCollege readers.
700 1 _aKennedy, X. J.
700 1 _aKennedy, Dorothy M.
_q(Dorothy Mintzlaff)
700 1 _aMuth, Marcia F.
906 _a7
_bcbc
_corignew
_d2
_eepcn
_f20
_gy-gencatlg
942 _2lcc
_cBK
999 _c256412
_d256411